Constitution of binary alloys : second supplement /

Guardado en:
Autor Principal: Shunk, Francis A.
Formato: Libro
Idioma:English
Publicado: New York : Genium, 1991.
Materias:
Etiquetas: Agregar Etiqueta
Sin Etiquetas, Sea el primero en etiquetar este registro!
LEADER 00521nam a22001695a 4500
001 EUN.um000310
003 AR-BaUNS
005 20050623122849.0
008 041125s1991####xxua##########000#0#eng#d
245 1 0 |a Constitution of binary alloys :  |b second supplement /  |c Francis A. Shunk. 
260 |a New York :  |b Genium,  |c 1991. 
300 |a No paginado :  |b il. ;  |c 27,5 cm. 
020 |a 093169020X 
100 1 |a Shunk, Francis A. 
082 0 4 |a 546 
653 |a Quimica inorganica 
859 |a Ar-BaUNS  |b BIB. CENTRAL - Sector C  |h 546  |i Sh92  |p 102248/993